000 00818cam a22002414a 4500
001 1686022
005 20180221070202.0
008 990512s2000 maua b 001 0 eng
010 _a 99029464
020 _a0072312211
040 _aDLC
_cDLC
_dDLC
041 _aeng
042 _apcc
080 _a658.8 ZEI
082 0 0 _a658.8 ZEI
_221
100 1 _a60
101 _aMAR
245 1 0 _aServices marketing :
_cValarie A. Zeithaml, Mary Jo Bitner.
504 _aIncludes bibliographical references and index.
906 _a7
_bcbc
_corignew
_d1
_eocip
_f19
_gy-gencatlg
942 _2ddc
_cBK
999 _c43038
_d43038